Guess The Year - Statistics

General Stats
  • This quiz has been taken 46 times
  • The average score is 10 of 18
Answer Stats
Hint Answer % Correct
The Japanese invasion of Pearl Harbor 1941
89%
John F Kennedy is assassinated 1963
86%
Tiananmen Square massacre 1989
83%
John Lennon was shot 1980
75%
Queen Victoria dies 1901
69%
Iraqi invasion of Kuwait 1990
64%
California Gold Rush begins 1848
61%
Nelson Mandela dies 2013
61%
People in Boston throw tea into the sea 1773
58%
William the Conqueror invades England 1066
56%
The first Modern Olympic Games are held in Greece 1896
56%
The Good Friday Agreement in Northern Ireland 1998
53%
First Heart Transplant 1967
47%
Easter Rising in Dublin 1916
44%
The Battle of the Alamo 1836
42%
Publication of "On The Origin of Species" by Charles Darwin 1859
39%
The first public railway line, from Stockton to Darlington, opens 1825
25%
Joan of Arc is burnt at the stake 1431
11%
No matching quizzes found
Score Distribution
Percent of People with Each Score
Percentile by Number Answered
Your Score History
You have not taken this quiz